Climate Change 2014 (Record no. 115220)

MARC details
000 -LEADER
fixed length control field 01097cad a22002055a 4500
001 - CONTROL NUMBER
control field L158240
008 - FIXED-LENGTH DATA ELEMENTS--GENERAL INFORMATION
fixed length control field 141105s2014 xxk f 000 0 eng d
035 ## - SYSTEM CONTROL NUMBER
System control number (Sirsi) u158240
041 0# - LANGUAGE CODE
Language code of text/sound track or separate title eng
110 2# - MAIN ENTRY--CORPORATE NAME
Corporate name or jurisdiction name as entry element Intergovernmental Panel on Climate Change
9 (RLIN) 125
245 00 - TITLE STATEMENT
Title Climate Change 2014
Remainder of title synthesis report
Medium [electronic resource]
260 ## - PUBLICATION, DISTRIBUTION, ETC.
Place of publication, distribution, etc. Geneva
Name of publisher, distributor, etc. IPCC
Date of publication, distribution, etc. 2014
520 ## - SUMMARY, ETC.
Summary, etc. Report warns that human influence on the climate system is clear and growing and if left unchecked will increase the likelihood of severe and irreversible impacts for people and ecosystems. However, options are available including adapting to climate change by supporting economic diversification but this is not enough and substantial and sustained reductions of greenhouse gas emissions are essential in order to limit the risks of climate change.
590 ## - LOCAL NOTE (RLIN)
Local note KA
651 #4 - SUBJECT ADDED ENTRY--GEOGRAPHIC NAME
Geographic name International
690 ## - LOCAL SUBJECT ADDED ENTRY--TOPICAL TERM (OCLC, RLIN)
Topical term or geographic name as entry element Environment
9 (RLIN) 6238
690 ## - LOCAL SUBJECT ADDED ENTRY--TOPICAL TERM (OCLC, RLIN)
Topical term or geographic name as entry element Infrastructure
9 (RLIN) 6246
856 40 - ELECTRONIC LOCATION AND ACCESS
Uniform Resource Identifier <a href="www.ipcc.ch/pdf/assessment-report/ar5/syr/SYR_AR5_LONGERREPORT.pdf">www.ipcc.ch/pdf/assessment-report/ar5/syr/SYR_AR5_LONGERREPORT.pdf</a>
Public note View the report free of charge at the IPCC website.
942 ## - ADDED ENTRY ELEMENTS (KOHA)
Suppress in OPAC 0
Holdings
Withdrawn status Lost status Source of classification or shelving scheme Damaged status Not for loan Home library Current library Shelving location Date acquired Total Checkouts Full call number Barcode Date last seen Copy number Price effective from Koha item type
    Dewey Decimal Classification     Virtual Virtual Online 05/11/2014   ONLINE PUBLICATION 158240-2001 06/08/2019 1 06/08/2019 Book